Aktivizálás, és sokszínűség, a pincér elméleti képzésben

Bibliográfiai részletek
Szerző: Rácz György
További közreműködők: Farkas Dr Julianna
Dokumentumtípus: Diplomadolgozat
Kulcsszavak:pincér szakképzés
vendéglátó szakoktató
aktivizálás
Online Access:http://dolgozattar.uni-bge.hu/15491

MARC

LEADER 00000nta a2200000 i 4500
001 dolg15491
005 20181116113609.0
008 180518suuuu hu om 000 hun d
040 |a BGE Dolgozattár Repozitórium  |b hun 
041 |a hu 
100 1 |a Rácz György 
245 1 0 |a Aktivizálás, és sokszínűség, a pincér elméleti képzésben  |c Rácz György  |h [elektronikus dokumentum] 
246 1 1 |a Aktivizálás, és sokszínűség, a pincér elméleti képzésben 
695 |a pincér szakképzés 
695 |a vendéglátó szakoktató 
695 |a aktivizálás 
700 1 |a Farkas Dr Julianna  |e ths 
856 4 0 |u http://dolgozattar.uni-bge.hu/15491/1/vegleges_dolgozat_Racz_Gyorgy.pdf  |z Dokumentum-elérés